Every Survivor Contestant (S1-20) - Statistics

General Stats
  • This quiz has been taken 192 times
  • The average score is 226 of 351
Answer Stats
Season Contestant No. Times Played Number of Wins % Correct
Richard Hatch 2 1
98%
Rob Cesternino 2
96%
Rob Mariano 5 1
96%
Colby Donaldson 3
94%
Kel Gleason 1
94%
Survivor: Panama Tina Sheer 1
94%
Tina Wesson 3 1
94%
Jenn Lyon 1
92%
Jon Dalton 2
92%
Kelly Czarnecki 1
92%
Kelly Goldsmith 1
92%
Kelly Sharbaugh 1
92%
Kelly Wiglesworth 2
92%
Rudy Boesch 2
92%
Rupert Boneham 4
92%
Sandra Diaz-Twine 4 2
92%
Amber Brkich 3 1
90%
Ethan Zohn 3 1
90%
Tom Buchanan 2
90%
Tom Westman 2 1
90%
Amanda Kimmel 3
88%
Dan Kay 1
88%
Jenna Lewis 2
88%
Jenna Morasca 2 1
88%
John "J.P." Palyok 1
88%
Ozzy Lusth 4
88%
Parvati Shallow 4 1
88%
Bob Crowley 1 1
85%
Chris Daugherty 1 1
85%
Dan Barry 1
85%
Earl Cole 1 1
85%
James "Chad" Crittenden 1
85%
John Carroll 1
85%
John Fincher 1
85%
John Kenney 1
85%
Survivor: Thailand John Raymond 1
85%
Kim Johnson 1
85%
Kim Mullen 1
85%
Kim Powers 1
85%
Liz Kim 1
85%
Natalie Bolton 1
85%
Natalie White 1 1
85%
Neleh Dennis 1
85%
Russell Swan 2
85%
Sue Hawk 2
85%
Becky Lee 1
83%
Brian Corridan 1
83%
Brian Heidik 1 1
83%
Cirie Fields 4
83%
James Clement 3
83%
James Miller 1
83%
J.T. Thomas 3 1
83%
Russell Hantz 3
83%
Stephen Fishbach 2
83%
Yul Kwon 2 1
83%
Aras Baskauskas 2 1
81%
Coach Wade 3
81%
Eliza Orlins 2
81%
Jeff Varner 2
81%
Jeff Wilson 1
81%
Jerri Manthey 3
81%
Stephanie LaGrossa 3
81%
Daniel Lue 1
79%
Danni Boatwright 2 1
79%
Kathy Sleckman 1
79%
Kathy Vavrick-O'Brien 2
79%
Lex van den Berghe 2
79%
Mookie Lee 1
79%
Sugar Kiper 2
79%
Tyson Apostol 4 1
79%
Alicia Calaway 2
77%
Courtney Marit 1
77%
Courtney Yates 2
77%
Erik Cardona 1
77%
Erik Huffman 1
77%
Erik Reichenbach 2
77%
Jonathan Penner 3
77%
Sean Kenniff 1
77%
Sean Rector 1
77%
Stephanie Dill 1
77%
B.B. Andersen 1
75%
Bobby Mason 1
75%
Candice Woodcock 3
75%
Danielle DiLorenzo 2
75%
Gervase Peterson 2
75%
Kimmi Kappenberg 2
75%
Lillian Morris 1
75%
Michael Skupin 2
75%
Randy Bailey 2
75%
Survivor: Borneo Sonja Christopher 1
75%
Stephenie LaGrossa 3
75%
Todd Herzog 1 1
75%
Vecepia Towery 1 1
75%
Brandon Bellinger 1
73%
Brandon Quinton 1
73%
Greg Buis 1
73%
Joe Dowdle 1
73%
Shii Ann Huang 2
73%
Terry Deitz 2
73%
Andrew Savage 2
71%
Burton Roberts 1
71%
Colleen Haskell 1
71%
Ian Rosenberger 1
71%
Mike Borassi 1
71%
Yau-Man Chan 2
71%
Alex Angarita 1
69%
Alex Bell 1
69%
Dreamz Herd 1
69%
Erin Collins 1
69%
Hunter Ellis 1
69%
Shane Powers 1
69%
Taj Johnson-George 1
69%
Ami Cusack 2
67%
Bobby Jon Drinkard 2
67%
Corinne Kaplan 2
67%
Survivor: The Australian Outback Debb Eaton 1
67%
Denise Martin 1
67%
Katie Gallagher 1
67%
Ken Hoang 1
67%
Ken Stafford 1
67%
Matthew von Ertfelda 1
67%
Monica Padilla 2
67%
Nick Brown 1
67%
Nick Stanbury 1
67%
Scout Cloud Lee 1
67%
Sundra Oakley 1
67%
Elisabeth Filarski 1
65%
Heidi Strobel 1
65%
Joel Anderson 1
65%
Joel Klug 1
65%
Julie Berry 1
65%
Paschal English 1
65%
Survivor: The Amazon Ryan Aiken 1
65%
Ryan Opray 1
65%
Ryan Shoulders 1
65%
Adam Gentry 1
63%
Clay Jordan 1
63%
Darrah Johnson 1
63%
Frank Garrison 1
63%
Rodger Bingham 1
63%
Susie Smith 1
63%
Teresa "T-Bird" Cooper 1
63%
Twila Tanner 1
63%
Alexis Jones 1
60%
Erinn Lobdell 1
60%
Frosti Zernow 1
60%
Jan Gentry 1
60%
Keith Famie 1
60%
Survivor: Gabon Michelle Chase 1
60%
Michelle Yi 1
60%
Billy Garcia 1
58%
Brad Virata 1
58%
Gretchen Cordy 1
58%
Jason Siska 1
58%
Survivor: Palau Jonathan Libby 1
58%
Judd Sergeant 1
58%
Linda Spencer 1
58%
Michelle Tesauro 1
58%
Mick Trimming 1
58%
Nate Gonzalez 1
58%
Survivor: Pearl Islands Nicole Delma 1
58%
Osten Taylor 1
58%
Peih-Gee Law 2
58%
Rafe Judkins 1
58%
Robert DiCanio 1
58%
Brendan Synnott 1
56%
Christa Hastie 1
56%
Dave Ball 1
56%
Dave Cruser 1
56%
Dave Johnson 1
56%
Ghandia Johnson 1
56%
Jamie Newton 1
56%
Laura Morett 2
56%
Mary Sartain 1
56%
Ramona Gray 1
56%
Roger Sexton 1
56%
Sarah Jones 1
56%
Shambo Waters 1
56%
Shawna Mitchell 1
56%
Tijuana Bradley 1
56%
Ben Browning 1
54%
Brett Clouser 1
54%
Carl Bilancione 1
54%
Christy Smith 1
54%
Crystal Cox 1
54%
Dirk Been 1
54%
Jean-Robert Bellande 1
54%
Lea "Sarge" Masters 1
54%
Silas Gaither 1
54%
Stacey Stillman 1
54%
Ted Rogers, Jr. 1
54%
Ashley Massaro 1
52%
Ashley Trainer 1
52%
Butch Lockley 1
52%
Cassandra Franklin 1
52%
Clarence Black 1
52%
Debbie Beebe 1
52%
Gary Hogeboom 1
52%
Gary Stritesky 1
52%
Matty Whitmore 1
52%
Mitchell Olson 1
52%
Tammy Leitner 1
52%
Austin Carty 1
50%
Cao Boi Bui 1
50%
Chet Welch 1
50%
Helen Glover 1
50%
Jerry Sims 1
50%
Survivor: Guatemala Jim Lynch 1
50%
Lindsey Richter 1
50%
Maralyn Hershey 1
50%
Marcus Lehman 1
50%
Survivor: Marquesas Peter Harkey 1
50%
Rebecca Borman 1
50%
Rory Freeman 1
50%
Sierra Reed 1
50%
Stacy Kimball 1
50%
Tracy Hughes-Wolf 1
50%
Zoe Zanidakis 1
50%
Aaron Reisberger 1
48%
Caryn Groedel 1
48%
Charlie Herschel 1
48%
Survivor: China Chicken Morris 1
48%
Cindy Hall 1
48%
Jaime Dugan 1
48%
Jaison Robinson 1
48%
Jake Billingsley 1
48%
Jenny Guzon-Bae 1
48%
J.P. Calderon 1
48%
Patricia Jackson 1
48%
Shawn Cohen 1
48%
Janu Tornell 1
46%
Jessica Smith 1
46%
Robb Zbacnik 1
46%
Amy O'Hara 1
44%
Angie Jakusz 1
44%
Boo Bernis 1
44%
Survivor: Vanuatu Brook Geraghty 1
44%
Bruce Kanegai 1
44%
Deena Bennett 1
44%
Survivor: Africa Diane Ogden 1
44%
Gabriel Cade 1
44%
Gina Crews 1
44%
Misty Giles 1
44%
Wanda Shirk 1
44%
GC Brown 1
42%
Gillian Larson 1
42%
Jessie Camacho 1
42%
Lisi Linares 1
42%
Sally Schumann 1
42%
Survivor: Cook Islands Sekou Bunch 1
42%
Sherea Lloyd 1
42%
Sydney Wheeler 1
42%
Ace Gordon 1
40%
Candace Smith 1
40%
Cecilia Mansilla 1
40%
Coby Archa 1
40%
Erica Durousseau 1
40%
Survivor: Fiji Jessica deBen 1
40%
Leann Slaby 1
40%
Lydia Morales 1
40%
Melinda Hyder 1
40%
Mikey Bortone 1
40%
Penny Ramsey 1
40%
Rocky Reid 1
40%
Sandy Burgin 1
40%
Travis "Bubba" Sampson 1
40%
Willard Smith 1
40%
Survivor: Tocantins Carolina Eastwood 1
38%
Dolly Neely 1
38%
Gregg Carey 1
38%
Jolanda Jones 1
38%
Leslie Nease 1
38%
Lisa Keiffer 1
38%
Paloma Soto-Castillo 1
38%
Stephannie Favor 1
38%
Trish Dunn 1
38%
Ibrehem Rahman 1
35%
Jeanne Hebert 1
35%
Jed Hildebrand 1
35%
JoAnna Ward 1
35%
Ruth Marie Milliman 1
35%
Tanya Vance 1
35%
Cristina Coria 1
33%
Edgardo Rivera 1
33%
Jacquie Berg 1
33%
Janet Koth 1
33%
Margaret Bobonich 1
33%
Spencer Duhm 1
33%
Anthony Robinson 1
31%
Survivor: Samoa Marisa Calihan 1
31%
Sylvia Kwan 1
31%
Blake Towsley 1
29%
Brooke Struck 1
29%
Morgan McDevitt 1
29%
Ashlee Ashby 1
27%
Betsy Bolan 1
27%
Brady Finta 1
27%
Brianna Varela 1
27%
Mia Galeotalanza 1
27%
Liliana Gomez 1
25%
Yasmin Giles 1
25%
Rita Verreos 1
23%
No matching quizzes found
Score Distribution
Percent of People with Each Score
Percentile by Number Answered
Your Score History
You have not taken this quiz